000
00354nam a2200157Ia 4500
008
200305s9999 xx 000 0 und d
020
_a
978-81-269-1433-3
082
_a
822.33
082
_b
BRS
100
_a
BRADLEY, A.C.
245
_a
SHAKESPEAREAN TRAGEDY
260
_a
NEW DELHI
_b
ATLANTIC
300
_a
444
650
_a
ENGLISH
999
_c
39227
_d
39227
041
_a
eng